Villes de France en images par lettre - P - Statistiques

Statistiques générales
  • Ce quiz a été pris 193 fois
  • Le résultat moyen est 5 sur 18
Statistiques - réponses
Par images Hint Réponse % Correct
Île-de-France Paris
100%
Occitanie Perpignan
66%
Nouvelle-Aquitaine Poitiers
55%
Nouvelle-Aquitaine Pau
48%
Nouvelle-Aquitaine Périgueux
34%
Île-de-France Puteaux
27%
Corse Porto-Vecchio
22%
Île-de-France Pontoise
19%
Bretagne Pontivy
13%
Pays-de-la-Loire Pornic
13%
Bretagne Paimpol
11%
DROM Pointe-à-Pitre
11%
Bourgogne-Franche-Comté Pontarlier
11%
Auvergne-Rhône-Alpes Privas
11%
Occitanie Pamiers
10%
Nouvelle-Aquitaine Pessac
8%
Grand-Est Pont-à-Mousson
8%
DROM La {Possession}
4%
Aucun quiz correspondant
Distribution des résultats
% des personnes avec chaque résultat
Percentile par nombre de réponses
Votre historique - résultats
Vous n’avez pas pris ce quiz